=LDR 00000nam 2200000 4500 =001 INLIS000000000042251 =005 20131008015033 =008 ***********************************Ind** =035 ##$$a0010-101300000000173 =041 ##$$a Ind =082 ##$$a 813 =090 ##$$a 813, Mah P =100 ##$$a Mahfouz, Naguib =245 ##$$a Pengemis, PemenangHadiah Nobel Sastra =260 ##$$a 1996 $b Jakarta =300 ##$$a viii,168 hlm, 19 cm =850 ##$$a NBPNMAT =990 ##$$a 21400613/BPAP-NTB/20142014